00338 a2200109 4500001001000000005001700010008004100027245004900068100002500117773006900142999001700211ART_1459520260410161912.0260409a 10aComputing equilibria with increasing returns1 aMac Kinnon, James G.0 tEuropean economic reviewg- Vol. 12, NÂș 1 (feb. 1979)wREV13346 c26933d26933